| 000 | 00849cam a22002653a 4500 | ||
|---|---|---|---|
| 001 | 32425 | ||
| 003 | PGUSA | ||
| 005 | 20140828083713.0 | ||
| 008 | 100519s2010||||xxu|||||s|||||000 1 eng d | ||
| 040 |
_aPGUSA _beng |
||
| 042 | _adc | ||
| 050 | 4 | _aPR | |
| 100 | 1 |
_aLever, Charles James, _d1806-1872 |
|
| 245 | 1 | 0 |
_aMaurice Tiernay, Soldier of Fortune _h[electronic resource] / _cCharles James Lever |
| 260 |
_bProject Gutenberg, _c2010 |
||
| 506 | _aPublic domain in the USA. | ||
| 516 | _aElectronic text | ||
| 653 | _aFrance -- History -- Consulate and First Empire, 1799-1815 -- Fiction | ||
| 653 | _aSoldiers of fortune -- Fiction | ||
| 653 | _aAdventure stories, English | ||
| 700 | 1 |
_aMcCormick, A. D. _q(Arthur David), _d1860- |
|
| 830 | 0 |
_aProject Gutenberg _v32425 |
|
| 856 | 4 | 0 | _uhttp://www.gutenberg.org/ebooks/32425 |
| 942 | _cEB | ||
| 999 |
_c261680 _d261680 |
||